Strange worlds amazing places : a grand tour of the most exciting places on earth.

Αποθηκεύτηκε σε:
Λεπτομέρειες βιβλιογραφικής εγγραφής
Μορφή: Βιβλίο
Γλώσσα:English
Δημοσίευση: London : Reader's Digest Association Limited, c1994.
Θέματα:
Ετικέτες: Προσθήκη ετικέτας
Δεν υπάρχουν, Καταχωρήστε ετικέτα πρώτοι!

MARC

LEADER 00000cam a2200000 a 4500
001 1/114442
008 170713s1994####enk| ||| |||| ||eng||
020 |a 0276421116 
040 |a GR-MyUa  |b gre  |c GR-MyUa  |e AACR2 
041 0 |a eng 
082 7 |a 910.4   |2 (23) 
245 0 0 |a Strange worlds amazing places :   |b a grand tour of the most exciting places on earth.  
260 |a London :   |b Reader's Digest Association Limited,   |c c1994.  
300 |a 432 σ. :   |b εικ. ;   |c 28 εκ.  
500 |a Περιλαμβάνει ευρετήριο.  
650 0 |a Travel. 
650 0 |a Curiosities and wonders. 
650 0 |a Monuments. 
650 0 |a Landforms. 
852 |a INST  |b SYROS  |e 20170713  |h 910.4 STR  |p 005500013103  |q 005500013103  |t BK  |y 0 
970 |a Κοντού  |b Παρασκευή  |z 13/07/17